| 000 | 00669nam a2200241Ia 4500 | ||
|---|---|---|---|
| 003 | OSt | ||
| 005 | 20220925221839.0 | ||
| 006 | a|||||r|||| 00| 0 | ||
| 007 | ta | ||
| 008 | 220923b |||||||| |||| 00| 0 eng d | ||
| 037 | _cGeneral Book | ||
| 040 |
_aRTL _cRTL _beng |
||
| 041 |
_2eng _aeng |
||
| 082 | _aU426.73.N5, J7 | ||
| 100 |
_aDivine Robert A _9287171 |
||
| 245 | 0 | _aAmerican immigration policy, 1924-1952 | |
| 260 |
_aLondon _bOUP _c1957 |
||
| 300 |
_aix, 220p. _ccm. |
||
| 490 | _aYale Historical Publications, 66 | ||
| 650 | _aMigration | ||
| 942 |
_hU426.73.N5, J7 _cGB _2CC |
||
| 999 |
_c575486 _d575486 |
||